[Event "Tel Aviv op"]
[Site "Tel Aviv"]
[Date "1990.??.??"]
[Round "?"]
[White "Porper, Edward"]
[Black "Rajna, George"]
[Result "1-0"]
[WhiteElo "2470"]
[BlackElo "2390"]
[PlyCount "77"]
[EventDate "1990.??.??"]
[EventType "swiss"]
[EventRounds "9"]
[EventCountry "ISR"]
[SourceTitle "EXT 1997"]
[Source "ChessBase"]
[SourceDate "1996.11.15"]
[SourceVersion "1"]
[SourceVersionDate "1996.11.15"]
[SourceQuality "1"]

1. d4 Nf6 2. c4 g6 3. Nc3 Bg7 4. e4 d6 5. Be2 0-0 6. Be3 e5 7. d5 Nbd7 8. b4 a5 9. a3 b6 10. Nf3 Ng4 11. Bg5 f6 12. Bd2 f5 13. Ng5 Ndf6 14. h3 Nh6 15. bxa5 bxa5 16. Qc1 f4 17. h4 Qe7 18. c5 Nf7 19. Nxf7 Rxf7 20. c6 h5 21. Rb1 Ne8 22. Rb5 Bf6 23. Qb1 Bxh4 24. Rb8 Rxb8 25. Qxb8 Bg4 26. Bxg4 hxg4 27. Qc8 Rh7 28. Kf1 g3 29. f3 g5 30. Ke2 Rf7 31. Rb1 Kg7 32. Rb7 Nf6 33. Nb5 Nxe4 34. Rxc7 Qf6 35. Rxf7+ Qxf7 36. Qb7 g4 37. Qxf7+ Kxf7 38. fxe4 f3+ 39. Kf1 1-0

[Event "HUN-chT"]
[Site "Hungary"]
[Date "1989.??.??"]
[Round "1"]
[White "Rajna, George"]
[Black "Hardicsay, Peter"]
[Result "0-1"]
[WhiteElo "2520"]
[BlackElo "2350"]
[PlyCount "120"]
[EventDate "1989.??.??"]
[EventType "team"]
[EventRounds "13"]
[EventCountry "HUN"]
[SourceTitle "EXT 2009"]
[Source "ChessBase"]
[SourceDate "2008.11.26"]
[SourceVersion "1"]
[SourceVersionDate "2008.11.26"]
[SourceQuality "1"]

1. d4 Nf6 2. Nf3 e6 3. c4 c5 4. d5 exd5 5. cxd5 d6 6. Nc3 g6 7. e4 Bg7 8. Be2 0-0 9. 0-0 Re8 10. Nd2 Nbd7 11. a4 Ne5 12. h3 g5 13. Nf3 Nxf3+ 14. Bxf3 h6 15. Ra3 b6 16. Qc2 a6 17. Ne2 Bd7 18. Ng3 b5 19. Be2 Qe7 20. Re3 Qf8 21. Kh1 g4 22. hxg4 Nxg4 23. Bxg4 Bxg4 24. Ne2 Qe7 25. Kg1 Qh4 26. g3 Qe7 27. f3 Bd7 28. Kg2 bxa4 29. Rh1 Rab8 30. Nf4 f5 31. Re2 Qf7 32. Nh5 fxe4 33. fxe4 Rb3 34. Nf4 Bg4 35. Rf2 Qe7 36. Re1 Bd4 37. e5 Qh7 38. e6 Bxf2 39. Qxf2 Qf5 40. Qd2 Bf3+ 41. Kf2 Be4 42. Re3 Rxe3 43. Qxe3 Bxd5 44. Qd2 Bxe6 45. Qxd6 Qc2+ 46. Bd2 Bf7 47. Kf3 Qe4+ 48. Kg4 Be6+ 49. Kh5 Qd4 50. Qxa6 Qxd2 51. Qxa4 Bf7+ 52. Kg4 Qd4 53. Qc6 Qg7+ 54. Kh3 Qg5 55. b3 Rf8 56. Qb6 Kg7 57. Qc7 Kh8 58. Qd6 Rg8 59. Qd3 Qg7 60. Qe3 Qg5 0-1

[Event "Noviki-B"]
[Site "Budapest"]
[Date "1989.??.??"]
[Round "?"]
[White "Rajna, George"]
[Black "Portisch, Ferenc"]
[Result "1/2-1/2"]
[WhiteElo "2380"]
[BlackElo "2410"]
[PlyCount "83"]
[EventDate "1989.??.??"]
[EventType "tourn"]
[EventRounds "9"]
[EventCountry "HUN"]
[EventCategory "5"]
[SourceTitle "TD"]
[Source "ChessBase"]
[SourceDate "1994.03.01"]
[SourceVersion "1"]
[SourceVersionDate "1994.03.01"]
[SourceQuality "1"]

1. d4 Nf6 2. Nf3 g6 3. c4 Bg7 4. Nc3 0-0 5. e4 d6 6. Be2 e5 7. d5 c6 8. 0-0 Na6 9. Bg5 h6 10. Bh4 g5 11. Bg3 Nh5 12. Nd2 Nf4 13. Rb1 cxd5 14. cxd5 Bd7 15. Nc4 f5 16. Bxf4 exf4 17. Nxd6 fxe4 18. Ncxe4 Qe7 19. Re1 Nc7 20. Rc1 Ne8 21. Nxe8 Raxe8 22. Bh5 Rc8 23. Nc5 Qd6 24. Nxd7 Rxc1 25. Qxc1 Qxd7 26. Qd2 Rd8 27. h4 Qf5 28. Bf3 g4 29. Be4 Qf6 30. g3 fxg3 31. fxg3 Qxb2 32. Qxb2 Bxb2 33. Bf5 Kf8 34. Be6 Rd6 35. Re4 h5 36. Kf2 Ra6 37. a4 Ba3 38. Rf4+ Kg7 39. Rf7+ Kg6 40. Rf4 Bc5+ 41. Kg2 Bd6 42. Re4 1/2-1/2

[Event "Compack"]
[Site "Budapest"]
[Date "1988.??.??"]
[Round "?"]
[White "Barbero, Gerardo F"]
[Black "Rajna, George"]
[Result "1/2-1/2"]
[WhiteElo "2505"]
[BlackElo "2435"]
[PlyCount "39"]
[EventDate "1988.10.??"]
[EventType "tourn"]
[EventRounds "11"]
[EventCountry "HUN"]
[EventCategory "9"]
[SourceTitle "EXT 1997"]
[Source "ChessBase"]
[SourceDate "1996.11.15"]
[SourceVersion "1"]
[SourceVersionDate "1996.11.15"]
[SourceQuality "1"]

1. d4 Nf6 2. c4 c5 3. d5 e6 4. Nc3 exd5 5. cxd5 d6 6. Nf3 g6 7. h3 Bg7 8. e4 0-0 9. Bd3 b5 10. Nxb5 Nxe4 11. Bxe4 Re8 12. Nd2 f5 13. 0-0 fxe4 14. Re1 Ba6 15. a4 e3 16. Rxe3 Rxe3 17. fxe3 Nd7 18. Ne4 Qh4 19. Nbxd6 Rf8 20. Bd2 1/2-1/2

[Event "Saint John op-1"]
[Site "Saint John"]
[Date "1988.??.??"]
[Round "?"]
[White "Day, Lawrence A"]
[Black "Rajna, George"]
[Result "1/2-1/2"]
[WhiteElo "2375"]
[BlackElo "2495"]
[PlyCount "107"]
[EventDate "1988.01.24"]
[EventType "swiss"]
[EventRounds "9"]
[EventCountry "CAN"]
[SourceTitle "CBM 006"]
[Source "ChessBase"]
[SourceDate "1988.10.01"]
[SourceVersion "1"]
[SourceVersionDate "1988.10.01"]
[SourceQuality "1"]

1. e4 c5 2. f4 e6 3. Qe2 Nc6 4. Nf3 Nge7 5. b3 d5 6. Bb2 Qc7 7. g3 dxe4 8. Qxe4 b6 9. Na3 Bb7 10. Bg2 Nd4 11. Qd3 Nef5 12. Nb5 Nxb5 13. Qxb5+ Bc6 14. Qe2 Be7 15. 0-0-0 0-0 16. g4 Nd4 17. Nxd4 Bxg2 18. Nxe6 fxe6 19. Qxg2 Qxf4 20. Rhf1 Qd6 21. h3 Bg5 22. Qb7 e5 23. Kb1 a5 24. Qe4 Bf4 25. Rf3 Rad8 26. Rd3 Qe6 27. Re1 Bxd2 28. Rxd8 Rxd8 29. Rd1 Bg5 30. Rxd8+ Bxd8 31. Qxe5 Qxe5 32. Bxe5 Kf7 33. c4 g6 34. Kc2 Ke6 35. Bf4 Kd7 36. Kd3 Kc6 37. Ke4 b5 38. a4 bxa4 39. bxa4 Bf6 40. Bd2 Bd8 41. Ke5 Bc7+ 42. Ke6 Bd8 43. Bf4 Bh4 44. Bd2 Bd8 45. g5 Bc7 46. Kf7 Kd7 47. Kg7 Ke6 48. Kxh7 Kf5 49. Kh6 Bb6 50. h4 Bd8 51. h5 Bxg5+ 52. Bxg5 gxh5 53. Kxh5 Ke4 54. Kg4 1/2-1/2

[Event "Compack"]
[Site "Budapest"]
[Date "1988.??.??"]
[Round "?"]
[White "Horvath, Jozsef"]
[Black "Rajna, George"]
[Result "1/2-1/2"]
[WhiteElo "2495"]
[BlackElo "2435"]
[PlyCount "35"]
[EventDate "1988.10.??"]
[EventType "tourn"]
[EventRounds "11"]
[EventCountry "HUN"]
[EventCategory "9"]
[SourceTitle "EXT 1997"]
[Source "ChessBase"]
[SourceDate "1996.11.15"]
[SourceVersion "1"]
[SourceVersionDate "1996.11.15"]
[SourceQuality "1"]

1. e4 e5 2. Nf3 Nc6 3. Bb5 a6 4. Ba4 Nf6 5. 0-0 Be7 6. Re1 b5 7. Bb3 d6 8. c3 0-0 9. h3 Na5 10. Bc2 c5 11. d4 Qc7 12. Nbd2 cxd4 13. cxd4 Bd7 14. Nf1 Rac8 15. Ne3 Rfe8 16. b3 Nc6 17. Bb2 Bd8 18. Rc1 1/2-1/2

[Event "Compack"]
[Site "Budapest"]
[Date "1988.??.??"]
[Round "?"]
[White "Kosten, Anthony C"]
[Black "Rajna, George"]
[Result "1-0"]
[WhiteElo "2510"]
[BlackElo "2435"]
[PlyCount "139"]
[EventDate "1988.10.??"]
[EventType "tourn"]
[EventRounds "11"]
[EventCountry "HUN"]
[EventCategory "9"]
[SourceTitle "EXT 1997"]
[Source "ChessBase"]
[SourceDate "1996.11.15"]
[SourceVersion "1"]
[SourceVersionDate "1996.11.15"]
[SourceQuality "1"]

1. e4 e5 2. Nf3 Nc6 3. Bc4 g6 4. 0-0 Bg7 5. c3 Nge7 6. d4 d6 7. dxe5 dxe5 8. Qc2 0-0 9. Rd1 Qe8 10. Be3 b6 11. b4 Bb7 12. a4 a5 13. b5 Nd8 14. Nbd2 Kh8 15. Bd3 f5 16. Nc4 f4 17. Bc1 Nf7 18. Ba3 g5 19. h3 Bf6 20. Be2 h5 21. Nh2 Nh6 22. Rd2 Rg8 23. Rad1 Bc8 24. Rd8 Qf7 25. Bxe7 Qxe7 26. Rxg8+ Kxg8 27. Bxh5 Be6 28. Nd2 Rd8 29. Nb1 Rxd1+ 30. Qxd1 Qc5 31. Qd3 Nf7 32. Ng4 Be7 33. Nd2 Nd6 34. Nf3 Qc4 35. Qd1 Qb3 36. Qc1 Nxe4 37. Ngxe5 Qxc3 38. Qd1 Bd6 39. Bf7+ Bxf7 40. Nxf7 Qc5 41. Nh6+ Kf8 42. Ng4 Qc4 43. Qa1 Qc3 44. Qd1 Qc4 45. Kh2 Nc3 46. Qc2 Ke7 47. Qf5 Nxa4 48. Qxg5+ Ke8 49. Nf6+ Kd8 50. Qg4 Nc5 51. Ng5 a4 52. Nh5 f3+ 53. g3 Qe2 54. Nf7+ Ke8 55. Nxd6+ cxd6 56. Qc8+ Kf7 57. Qc7+ Kg8 58. Nf6+ Kf8 59. Nh7+ Kg8 60. Nf6+ Kf8 61. Qxd6+ Kg7 62. Ng4 a3 63. Qf6+ Kg8 64. Qg6+ Kf8 65. Qxb6 a2 66. Qxc5+ Ke8 67. Qc6+ Ke7 68. Qc1 Qd3 69. Qg5+ Kf8 70. Qf6+ 1-0

[Event "St Ingbert op"]
[Site "St Ingbert"]
[Date "1988.??.??"]
[Round "5"]
[White "Pneumonidis, Pantelis"]
[Black "Rajna, George"]
[Result "0-1"]
[WhiteElo "2016"]
[BlackElo "2435"]
[PlyCount "56"]
[EventDate "1988.08.20"]
[EventType "swiss"]
[EventRounds "9"]
[EventCountry "GER"]
[SourceTitle "EXT 2002"]
[Source "ChessBase"]
[SourceDate "2001.11.25"]
[SourceVersion "1"]
[SourceVersionDate "2001.11.25"]
[SourceQuality "1"]

1. e4 c5 2. Nf3 e6 3. d4 cxd4 4. Nxd4 a6 5. Nc3 Nc6 6. g3 Qc7 7. Bg2 Nf6 8. 0-0 Be7 9. Nb3 0-0 10. Be3 d6 11. g4 Nd7 12. f4 b5 13. a3 Nb6 14. g5 Nc4 15. Bc1 Rb8 16. f5 Re8 17. f6 Bf8 18. Rf3 g6 19. Qe1 b4 20. Ne2 e5 21. Bh3 Qb6+ 22. Kh1 Nd4 23. Nexd4 exd4 24. Bxc8 Rbxc8 25. Qxb4 Qc6 26. Nxd4 Qxe4 27. c3 Ne5 28. Kg2 Rc4 0-1

[Event "St Ingbert op"]
[Site "St Ingbert"]
[Date "1988.??.??"]
[Round "3"]
[White "Schmid, Manfred"]
[Black "Rajna, George"]
[Result "0-1"]
[WhiteElo "1912"]
[BlackElo "2435"]
[PlyCount "74"]
[EventDate "1988.08.20"]
[EventType "swiss"]
[EventRounds "9"]
[EventCountry "GER"]
[SourceTitle "EXT 2002"]
[Source "ChessBase"]
[SourceDate "2001.11.25"]
[SourceVersion "1"]
[SourceVersionDate "2001.11.25"]
[SourceQuality "1"]

1. e4 e5 2. Nc3 Nc6 3. f4 d6 4. Nf3 g6 5. fxe5 dxe5 6. Bc4 Bg7 7. 0-0 f6 8. d3 Na5 9. Bxg8 Rxg8 10. Qe1 Be6 11. Be3 Nc6 12. Rd1 Qe7 13. Nd5 Bxd5 14. exd5 Nb4 15. c4 Nc2 16. Qf2 Nxe3 17. Qxe3 b6 18. Rc1 0-0-0 19. c5 Kb7 20. d6 cxd6 21. d4 e4 22. Rfe1 f5 23. Kh1 Qf6 24. c6+ Kc7 25. Qa3 a5 26. Ng1 Qxd4 27. Qb3 d5 28. Qb5 Qd3 29. Qa4 Rge8 30. Red1 Qa6 31. b4 e3 32. b5 Qc8 33. Ne2 Re4 34. Qb3 Qe6 35. Qd3 d4 36. Rc4 f4 37. Rf1 g5 0-1

[Event "Pancevo"]
[Site "Pancevo"]
[Date "1987.??.??"]
[Round "?"]
[White "Rajna, George"]
[Black "Orlov, Pavle"]
[Result "0-1"]
[WhiteElo "2520"]
[BlackElo "2405"]
[PlyCount "125"]
[EventDate "1987.09.??"]
[EventType "tourn"]
[EventRounds "13"]
[EventCountry "YUG"]
[EventCategory "9"]
[SourceTitle "TD"]
[Source "ChessBase"]
[SourceDate "1994.03.01"]
[SourceVersion "1"]
[SourceVersionDate "1994.03.01"]
[SourceQuality "1"]

1. e4 e5 2. Nf3 Nc6 3. Bb5 a6 4. Ba4 Nf6 5. 0-0 Be7 6. Re1 b5 7. Bb3 d6 8. c3 0-0 9. h3 Bb7 10. d4 Re8 11. Nbd2 Bf8 12. Bc2 g6 13. d5 Nb8 14. b3 c6 15. c4 Bh6 16. a4 b4 17. Nf1 Bxc1 18. Rxc1 c5 19. g4 h5 20. N3h2 hxg4 21. hxg4 Kg7 22. Qf3 Nh7 23. Qg3 Ng5 24. Nf3 Rh8 25. Nxg5 Qxg5 26. Ne3 Nd7 27. Kg2 Nf6 28. Rh1 Rxh1 29. Rxh1 Rh8 30. Rxh8 Kxh8 31. Kf3 Bc8 32. Bd3 Kg7 33. Bf1 Nh7 34. Bg2 a5 35. Bh1 Bd7 36. Ke2 Nf6 37. Bf3 Qf4 38. Qg2 Nh7 39. Kd3 Ng5 40. Be2 Kf8 41. f3 Kg7 42. Bd1 Nh7 43. Ke2 Qh6 44. Kd2 Ng5 45. Be2 Nh3 46. Bf1 Nf4 47. Qg3 Kf6 48. Qf2 Kg5 49. Ke1 Qh4 50. Qxh4+ Kxh4 51. Kf2 f6 52. Be2 Kg5 53. Bf1 f5 54. gxf5 gxf5 55. Kg3 Nh5+ 56. Kf2 fxe4 57. fxe4 Kf4 58. Bd3 Bh3 59. Bc2 Nf6 60. Ke2 Nxe4 61. Bxe4 Kxe4 62. Kd2 Kf4 63. Ke2 0-1

[Event "Pancevo"]
[Site "Pancevo"]
[Date "1987.??.??"]
[Round "?"]
[White "Todorcevic, Miodrag"]
[Black "Rajna, George"]
[Result "1/2-1/2"]
[WhiteElo "2475"]
[BlackElo "2520"]
[PlyCount "143"]
[EventDate "1987.09.??"]
[EventType "tourn"]
[EventRounds "13"]
[EventCountry "YUG"]
[EventCategory "9"]
[SourceTitle "TD"]
[Source "ChessBase"]
[SourceDate "1994.03.01"]
[SourceVersion "1"]
[SourceVersionDate "1994.03.01"]
[SourceQuality "1"]

1. Nf3 c5 2. g3 Nf6 3. Bg2 e6 4. 0-0 b5 5. a4 b4 6. d3 d5 7. Nbd2 Be7 8. e4 0-0 9. Re1 Nc6 10. exd5 exd5 11. Nb3 Bf5 12. Be3 Nd7 13. a5 Rc8 14. Qd2 Bf6 15. Qc1 Re8 16. Nfd2 Ne7 17. a6 Be6 18. Nf3 h6 19. Na5 Qb6 20. Nb7 Rc6 21. c4 bxc3 22. bxc3 Qb5 23. Qd2 Rb6 24. d4 c4 25. Bf4 Nc8 26. Ra5 Qc6 27. Qa2 g5 28. Bc1 Nd6 29. Nxd6 Qxd6 30. Ba3 Qc6 31. Nd2 Rc8 32. Bc1 Rb5 33. Ra3 Be7 34. Ra5 Bf8 35. Nf1 Rxa5 36. Qxa5 Qb6 37. Qa2 Rc6 38. f4 gxf4 39. Bxf4 Qxa6 40. Qd2 Qa3 41. Ne3 Nb6 42. Bf3 a5 43. g4 Na4 44. Bxd5 Bxd5 45. Nxd5 Qb2 46. Qe3 Rg6 47. Qe8 Rxg4+ 48. Bg3 Rg5 49. Ne7+ Kg7 50. Rf1 f6 51. Nf5+ Rxf5 52. Qd7+ Kg8 53. Qxf5 Nxc3 54. Qe6+ Kh7 55. Re1 Qc2 56. Qxc4 a4 57. d5 a3 58. Qc7+ Bg7 59. Re7 Qd1+ 60. Kg2 Qxd5+ 61. Kh3 Qf5+ 62. Kg2 Qd5+ 63. Kh3 Qf5+ 64. Kg2 Nd5 65. Rxg7+ Kh8 66. Qa7 a2 67. Rb7 Qe4+ 68. Kh3 Qe6+ 69. Kh4 Qe4+ 70. Kh3 Qe6+ 71. Kh4 Qe4+ 72. Kh3 1/2-1/2

[Event "Pancevo"]
[Site "Pancevo"]
[Date "1987.??.??"]
[Round "?"]
[White "Todorovic, Goran N"]
[Black "Rajna, George"]
[Result "1/2-1/2"]
[WhiteElo "2410"]
[BlackElo "2520"]
[PlyCount "87"]
[EventDate "1987.09.??"]
[EventType "tourn"]
[EventRounds "13"]
[EventCountry "YUG"]
[EventCategory "9"]
[SourceTitle "TD"]
[Source "ChessBase"]
[SourceDate "1994.03.01"]
[SourceVersion "1"]
[SourceVersionDate "1994.03.01"]
[SourceQuality "1"]

1. e4 c5 2. Nf3 d6 3. d4 cxd4 4. Nxd4 Nf6 5. Nc3 a6 6. f4 e6 7. Bd3 b5 8. e5 b4 9. exf6 bxc3 10. fxg7 Bxg7 11. bxc3 Bb7 12. Qg4 Bf6 13. Rb1 Qc7 14. Nxe6 fxe6 15. Qxe6+ Be7 16. f5 Nd7 17. Bg5 Nc5 18. Qe3 h6 19. Bh4 0-0 20. Bxe7 Rae8 21. 0-0 Qxe7 22. Qxh6 Qe3+ 23. Qxe3 Rxe3 24. Rb6 Rd8 25. Rf4 Bd5 26. Rd4 Bxa2 27. Rbxd6 Rxd6 28. Rxd6 a5 29. Rd8+ Kg7 30. Kf2 Re7 31. Ra8 a4 32. g4 Ne4+ 33. Kf3 Bd5 34. Ra5 Nxc3+ 35. Kf4 Bc6 36. g5 Rb7 37. Rc5 Nd5+ 38. Ke5 Nb4 39. f6+ Kf8 40. g6 Nxd3+ 41. cxd3 Rb5 42. g7+ Kf7 43. Rxb5 Bxb5 44. Kd4 1/2-1/2

[Event "Rubinstein Memorial 25th+"]
[Site "Polanica Zdroj"]
[Date "1987.??.??"]
[Round "?"]
[White "Tomaszewski, Roman"]
[Black "Rajna, George"]
[Result "1/2-1/2"]
[WhiteElo "2435"]
[BlackElo "2520"]
[PlyCount "116"]
[EventDate "1987.08.04"]
[EventType "tourn"]
[EventRounds "5"]
[EventCountry "POL"]
[SourceTitle "CBM 005"]
[Source "ChessBase"]
[SourceDate "1988.08.01"]
[SourceVersion "1"]
[SourceVersionDate "1988.08.01"]
[SourceQuality "1"]

1. d4 Nf6 2. c4 g6 3. Nf3 Bg7 4. g3 0-0 5. Bg2 d6 6. Nc3 Nc6 7. 0-0 a6 8. h3 Rb8 9. Qc2 Bd7 10. e4 b5 11. cxb5 axb5 12. Re1 b4 13. Na4 Na5 14. b3 c6 15. Bf4 Nb7 16. Nb2 Ne8 17. Qd2 c5 18. Bh6 cxd4 19. Bxg7 Nxg7 20. Nxd4 Nc5 21. e5 Nf5 22. Nxf5 Bxf5 23. exd6 exd6 24. Rad1 Qf6 25. Nc4 Rfd8 26. Qd4 Qxd4 27. Rxd4 Re8 28. Rxe8+ Rxe8 29. Nxd6 Re1+ 30. Kh2 Be6 31. Bd5 Re2 32. Kg1 Rxa2 33. Bxe6 fxe6 34. Rxb4 Rb2 35. Rb5 Nxb3 36. Rb8+ Kg7 37. Rb7+ Kg8 38. Ne4 Rb1+ 39. Kg2 Nd2 40. Nf6+ Kf8 41. Nxh7+ Kg8 42. Rxb1 Nxb1 43. Ng5 e5 44. Nf3 e4 45. Ng5 Nc3 46. Kf1 Kg7 47. Ke1 Kf6 48. Kd2 Nb1+ 49. Kc2 Na3+ 50. Kb3 Kxg5 51. Kxa3 Kf5 52. Kb4 e3 53. fxe3 Ke4 54. h4 Kxe3 55. g4 Kf4 56. h5 gxh5 57. gxh5 Kg5 58. Ka5 Kxh5 1/2-1/2

[Event "Reggio Emilia-26 B 8384"]
[Site "Reggio Emilia"]
[Date "1983.12.29"]
[Round "6"]
[White "Koch, Robert"]
[Black "Rajna, George"]
[Result "0-1"]
[WhiteElo "2260"]
[BlackElo "2380"]
[PlyCount "98"]
[EventDate "1983.12.24"]
[EventType "tourn"]
[EventRounds "11"]
[EventCountry "ITA"]
[SourceTitle "EXT 2024"]
[Source "ChessBase"]
[SourceDate "2023.10.10"]
[SourceVersion "1"]
[SourceVersionDate "2023.10.10"]
[SourceQuality "1"]

1. d4 Nf6 2. Nf3 g6 3. Bf4 Bg7 4. e3 0-0 5. h3 c5 6. Nbd2 b6 7. Be2 Bb7 8. 0-0 d6 9. c3 Nbd7 10. a4 Qc7 11. Qb3 Ne4 12. Nxe4 Bxe4 13. Ng5 Bb7 14. Bc4 e6 15. Bg3 Nf6 16. Rfd1 Nh5 17. Bh2 Qe7 18. Nf3 Bxf3 19. gxf3 Qg5+ 20. Kh1 Qh4 21. Kg2 Qg5+ 22. Kh1 Qf5 23. Kg2 d5 24. Be2 c4 25. Qa2 Qg5+ 26. Kh1 Qh4 27. Kg2 f5 28. f4 Qe7 29. Bg3 Rac8 30. b3 cxb3 31. Qxb3 Qb7 32. a5 Nf6 33. axb6 Qxb6 34. Qxb6 axb6 35. Rdc1 Ne4 36. Ra6 Rxc3 37. Rb1 Nxg3 38. Kxg3 Bxd4 39. Kg2 Bc5 40. Rba1 Rf7 41. Ra7 h6 42. Bb5 g5 43. Bd7 Re7 44. Rc7 gxf4 45. exf4 Rc2 46. Re1 Rxf2+ 47. Kg3 Rg7+ 48. Kh4 Rxf4+ 49. Kh5 Kh7 0-1

[Event "Reggio Emilia-26 B 8384"]
[Site "Reggio Emilia"]
[Date "1983.12.28"]
[Round "5"]
[White "Rajna, George"]
[Black "Martorelli, Antonio"]
[Result "0-1"]
[WhiteElo "2380"]
[BlackElo "2265"]
[PlyCount "100"]
[EventDate "1983.12.24"]
[EventType "tourn"]
[EventRounds "11"]
[EventCountry "ITA"]
[SourceTitle "EXT 2024"]
[Source "ChessBase"]
[SourceDate "2023.10.10"]
[SourceVersion "1"]
[SourceVersionDate "2023.10.10"]
[SourceQuality "1"]

1. d4 Nf6 2. c4 g6 3. Nc3 Bg7 4. g3 0-0 5. Bg2 d6 6. Nf3 Nbd7 7. 0-0 e5 8. Qc2 Re8 9. Rd1 e4 10. Ng5 e3 11. fxe3 Nb6 12. b3 Ng4 13. e4 Bh6 14. h4 f6 15. Nh3 Be3+ 16. Kh1 c5 17. dxc5 Bxc5 18. Nb5 Qe7 19. Qc3 a6 20. Nd4 Nd7 21. Bf4 Nde5 22. Rf1 Bd7 23. a4 h6 24. Rad1 Rad8 25. Bc1 Nc6 26. Nc2 g5 27. b4 Ba7 28. b5 Qe5 29. Qf3 Nd4 30. Nxd4 Bxd4 31. hxg5 hxg5 32. Bxg5 Re7 33. Bf4 Qc5 34. e3 Be5 35. Rd5 Qxc4 36. Bxe5 Nxe5 37. Qxf6 Rde8 38. Ng5 axb5 39. axb5 Rg7 40. Rxd6 Qe2 41. Rxd7 Nxd7 42. Qf3 Qxb5 43. e5 Rxe5 44. Bh3 Rexg5 45. Be6+ Kh8 46. g4 Qe5 47. Bf5 Rxf5 48. Qxf5 Rh7+ 49. Kg2 Rh2+ 50. Kf3 Rh3+ 0-1